| 000 | 00320 a2200121 4500 | ||
|---|---|---|---|
| 001 | 63333 | ||
| 082 | _a025.0028522LAK | ||
| 090 |
_c37376 _d37376 |
||
| 100 | _aLakshmi,V | ||
| 245 |
_aDigital Libraries: Digital Library and Archive _n3 vol.s set |
||
| 260 |
_aDelhi _bisha book _c2004 |
||
| 300 | _ai,310p.;3 vol set | ||
| 942 |
_aNUST-CAE _k025.0028522LAK |
||
| 999 |
_c298406 _d298406 |
||